[Event "Reykjavik Open 2026"]
[Site "Reykjavik ISL"]
[Date "2026.03.31"]
[Round "9.178"]
[White "Niori, Nona"]
[Black "Robichaud, Andrew"]
[Result "0-1"]
[WhiteElo "1421"]
[BlackElo "1708"]
[WhiteFideId "7006527"]
[BlackFideId "39963381"]
[EventDate "2026.03.25"]

1. d4 g6 2. Nc3 Bg7 3. e4 d6 4. h4 h5 5. Bf4 c6 6. Qd2 b5 7. Bd3 Bxd4 8. Nxb5
Bxb2 9. Rb1 Bg7 10. Nxa7 Rxa7 11. Rxb8 Rxa2 12. Rb1 Nf6 13. Nf3 O-O 14. O-O Be6
15. Bh6 Qa5 16. Qxa5 Rxa5 17. Bxg7 Kxg7 18. Ng5 Ba2 19. Rb7 Ng4 20. Rxe7 Ne5 21.
Ra1 Rfa8 22. f4 Nxd3 23. cxd3 Ra3 24. d4 R3a4 25. Rc7 Rxd4 26. Ne6+ Bxe6 27.
Rxa8 Rxe4 28. g3 c5 29. Rd8 d5 30. Rxc5 Re2 31. Re8 Ra2 32. Rd8 Kf6 33. Rd6 Kf5
34. Rdc6 Ke4 35. Rc2 Ra3 36. R6c3 Rxc3 37. Rxc3 d4 38. Rc1 d3 39. Kf2 d2 40. Rd1
Kd3 41. Rxd2+ Kxd2 42. Kf3 Bh3 43. Ke4 Ke2 44. Ke5 Kf3 45. Kf6 Bf5 46. Kxf7 Kxg3
47. Kf6 Kxh4 48. Ke5 Kg3 49. Kd4 h4 50. Ke3 h3 51. Kd4 h2 52. Ke5 h1=Q 53. Kf6
Kxf4 54. Kg7 Kg5 55. Kg8 Kf6 56. Kf8 Qh8# 0-1

[Event "Reykjavik Open 2026"]
[Site "Reykjavik ISL"]
[Date "2026.03.31"]
[Round "9.185"]
[White "Birgisson, Hilmar Freyr"]
[Black "Holm Kjartansson, Omar Jon"]
[Result "1-0"]
[WhiteElo "1651"]
[BlackElo "1444"]
[WhiteFideId "2322943"]
[BlackFideId "2322323"]
[EventDate "2026.03.25"]

1. d4 Nf6 2. c4 e6 3. Nf3 Bb4+ 4. Bd2 Bxd2+ 5. Nbxd2 b6 6. e3 Bb7 7. c5 O-O 8.
Bc4 Ne4 9. Nxe4 Bxe4 10. O-O f5 11. d5 c6 12. dxe6 Kh8 13. cxb6 axb6 14. Qd6 Rf6
15. Ne5 Qe8 16. Nf7+ Kg8 17. Nh6+ Kh8 18. Nf7+ Kg8 19. Rad1 Rg6 20. f3 Bd5 21.
Bxd5 cxd5 22. Qxd5 Ra7 23. exd7 Nxd7 24. Ne5+ Re6 25. Nxd7 Ra5 26. Qb3 Kh8 27.
Rfe1 g6 28. Qc3+ Kg8 29. Nf6+ Rxf6 30. Qxf6 Ra8 31. Rd3 h5 32. Red1 Kh7 33. Rd7+
Kh6 34. Re7 Qg8 35. h4 Rf8 36. Qg5# 1-0

[Event "Reykjavik Open 2026"]
[Site "Reykjavik ISL"]
[Date "2026.03.31"]
[Round "9.186"]
[White "Barlage, Stefan"]
[Black "Sigurdardottir, Emilia"]
[Result "1-0"]
[WhiteElo "1571"]
[BlackElo "1435"]
[WhiteFideId "34698558"]
[BlackFideId "2322021"]
[EventDate "2026.03.25"]

1. e4 e6 2. d4 d5 3. exd5 exd5 4. Nf3 Nc6 5. Bd3 Bg4 6. c3 Qd7 7. O-O O-O-O 8.
Bf4 Bd6 9. Bxd6 Qxd6 10. Nbd2 h5 11. Qc2 Nge7 12. Rfe1 g6 13. b4 Bf5 14. b5 Bxd3
15. Qxd3 Nb8 16. a4 a5 17. bxa6 Nxa6 18. a5 f5 19. Ng5 Qf6 20. Ndf3 Rhe8 21. Re6
Qg7 22. Qb5 Rd6 23. Qxe8+ Rd8 24. Qxe7 Qg8 25. Rae1 c6 26. h3 Nc7 27. R6e5 Kb8
28. Rb1 Re8 29. Qb4 Kc8 30. Qxb7+ Kd7 31. a6 Ra8 32. Ne6 Qc8 33. Qxc8+ Kxc8 34.
Nxc7 Kxc7 35. Ra1 Kb6 36. Re6 Rg8 37. a7 Kb7 38. a8=Q+ Rxa8 39. Rxa8 Kxa8 40.
Rxc6 g5 41. Nxg5 h4 42. Rc5 f4 43. Rxd5 f3 44. Nxf3 Kb7 45. Rc5 Ka6 46. Nxh4 Kb6
47. f4 Kb7 48. f5 Ka6 49. f6 Kb6 50. f7 Kb7 51. f8=Q Kb6 52. Qd6+ Kb7 53. Rc7+
Kb8 54. Qd8# 1-0

[Event "Reykjavik Open 2026"]
[Site "Reykjavik ISL"]
[Date "2026.03.31"]
[Round "9.192"]
[White "Blomkvist, Kenneth"]
[Black "Schram Theodor Noel"]
[Result "1-0"]
[WhiteElo "1685"]
[BlackElo "1460"]
[WhiteFideId "1772759"]
[BlackFideId "2331209"]
[EventDate "2026.03.25"]

1. e4 e5 2. Nf3 Nc6 3. d4 exd4 4. Nxd4 Bc5 5. Nb3 Bb6 6. Qe2 Qf6 7. Nc3 Nge7 8.
Be3 O-O 9. O-O-O d6 10. f3 Be6 11. Bxb6 axb6 12. Qd2 Nb4 13. a3 Bxb3 14. cxb3
Nbc6 15. b4 Nd4 16. Qxd4 Qf4+ 17. Qd2 Ng6 18. Qxf4 Nxf4 19. g3 Ng6 20. f4 f5 21.
Bg2 fxe4 22. Bxe4 c5 23. bxc5 dxc5 24. Bxb7 Rab8 25. Rd7 Rf7 26. Rxf7 Kxf7 27.
Be4 b5 28. Bxg6+ hxg6 29. Ne4 Rc8 30. Nd6+ Ke7 31. Nxc8+ Kd7 32. Na7 b4 33. Rd1+
Kc7 34. axb4 Kb7 35. Rd7+ Kb8 36. bxc5 Ka8 37. c6 Kb8 38. Rxg7 Ka8 39. Nb5 Kb8
40. Rg8# 1-0